00446nam a2200181 a 450000100060000000300090000600800410001504000280005608200130008410000210009724500320011825000060015026000360015630000100019265000250020265000180022765000190024512322CO-ViMGA141112s2004 ck r 000 u spa d aCO-ViMGAbspacCO-ViMGA04a132 L17p1 aLasswell, Harold10aPsicopatologia y Política a1 aBuenos Aires : bPaidos, c1963 a298p.14aCIENCIAS PolíticaS14aPSICOANALISIS14aPSICOPATOLOGIA